| 000 | 01118cam a22002891ia4500 | ||
|---|---|---|---|
| 003 | SA-RiAUC | ||
| 005 | 20241028075136.0 | ||
| 008 | 241028s2017____su f 000 0 ara c | ||
| 020 | _a9786038240410 | ||
| 040 |
_aSA-AbKKU _bara _cSA-RiAUC _erda |
||
| 082 | 0 | 4 |
_a229 _qSA-RiAUC |
| 090 |
_a229 _bط هـ |
||
| 100 | 1 |
_aطه، طه عابدين _eمؤلف. |
|
| 245 | 1 | 2 |
_aالهدايات القرآنية : _bدراسة تأصيلية / _cإعداد طه عابدين طه حمد، ياسين حافظ قاري، فخر الدين الزبير علي. |
| 250 | _aالطبعة الأولى. | ||
| 264 | 1 |
_aالسعودية : _bمكتبة دار المتنبي، _c2017 |
|
| 300 |
_a2 مجلد ؛ _c24 سم |
||
| 336 |
_aنص _btxt _2rdacontent _3كتاب |
||
| 337 |
_aبدون وسيط _bn _2rdamedia |
||
| 338 |
_aمجلد _bnc _2rdacarrier |
||
| 630 | 2 | 7 |
_aالقرآن _xمباحث عامة _2aucut |
| 700 | 1 |
_aقاري، ياسين بن حافظ _eمؤلف. |
|
| 700 | 1 |
_aالزبير، فخر الدين _eمؤلف. |
|
| 730 | 2 | 2 | _aالقرآن |
| 942 |
_2ddc _cBOOK |
||
| 949 |
_aSA-JeALM _d241028 _ukhaled123 _n1 |
||
| 999 |
_c1783 _d1783 |
||